IL SINODO DEI VESCOVI. 1967. (Record n. 313800)

Dettagli MARC
000 -LEADER
fixed length control field 01228nam a2200229Ia 4500
001 - CONTROL NUMBER
control field L200-54948
003 - CONTROL NUMBER IDENTIFIER
control field IT-CnALBA
008 - FIXED-LENGTH DATA ELEMENTS--GENERAL INFORMATION
fixed length control field 170116s9999||||xx |||||||||||||| ||und||
040 ## - CATALOGING SOURCE
Original cataloging agency IT-CnALBA
Transcribing agency IT-CnALBA
041 ## - LANGUAGE CODE
Language code of text/sound track or separate title ITALIANO
999 ## - SYSTEM CONTROL NUMBERS (KOHA)
Koha Dewey Subclass [OBSOLETE] NO
100 ## - MAIN ENTRY--PERSONAL NAME
Personal name CAPRILE GIOVANNI, SJ.
245 #0 - TITLE STATEMENT
Title IL SINODO DEI VESCOVI. 1967.
250 ## - EDITION STATEMENT
Edition statement 1a ed.
260 ## - PUBLICATION, DISTRIBUTION, ETC. (IMPRINT)
Place of publication, distribution, etc. ROMA
Name of publisher, distributor, etc. LA CIVILTÀ CATTOLICA EDIZIONI
Date of publication, distribution, etc. 1968 [1° Ed.:1968 - Ed.Ling.Originale: 1968]
300 ## - PHYSICAL DESCRIPTION
Extent 672 p. (prefazione: 10)
500 ## - GENERAL NOTE
General note PROPOSTE PER UN ORGANISMO EPISCOPALE. PROMULGAZIONE DEL REGOLAMENTO. PREPARAZIONE IMMEDIATA. APERTURA IN S. PIETRO. REVISIONE DIRITTO CANONICO. RINNOVAMENTO SEMINARI. MATRIMONI MISTI. RIFORMA LITURGICA. UDIENZE VISITE MESSAGGI MANIFESTAZIONI. GIORNATE CON
501 ## - WITH NOTE
With note Società San Paolo EM - Piazza San Paolo, 14 - 12051 ALBA (CN) (non commercial uses only) ® Copyright 2017
520 ## - SUMMARY, ETC.
Summary, etc. PROPOSTE PER UN ORGANISMO EPISCOPALE. PROMULGAZIONE DEL REGOLAMENTO. PREPARAZIONE IMMEDIATA. APERTURA IN S. PIETRO. REVISIONE DIRITTO CANONICO. RINNOVAMENTO SEMINARI. MATRIMONI MISTI. RIFORMA LITURGICA. UDIENZE VISITE MESSAGGI MANIFESTAZIONI. GIORNATE CON
650 ## - SUBJECT ADDED ENTRY--TOPICAL TERM
Topical term or geographic name as entry element RELIGIONE - RELIGIONE CRISTIANA
942 ## - ADDED ENTRY ELEMENTS (KOHA)
Koha item type LIBRO
957 ## -
-- 1
999 ## - SYSTEM CONTROL NUMBERS (KOHA)
-- Copie: 1
Dati di copia
Withdrawn status Lost status Damaged status Not for loan Home library Current library Date acquired Total Checkouts Full call number Date last seen Price effective from Koha item type Public note
    Buone Condizioni Not For Loan ALBA - Biblioteca ALBA - Biblioteca 16/01/2017   L200-54948 16/01/2017 16/01/2017 LIBRO (data import: 16 gennaio 2017) - By Epidotti, Vaglietti.
CREDITS: SOCIETA' SAN PAOLO Via A.Severo, 58 - ROMA (RM) & PERIODICI SAN PAOLO SRL Via Giotto, 36 MILANO & CISF Via Giotto, 36 MILANO & EDIZIONI SAN PAOLO SRL,  Piazza Soncino, 5 CINISELLO BALSAMO (MI) -- ITALY